| 000 | 00579nam a22001937a 4500 | ||
|---|---|---|---|
| 005 | 20260422080540.0 | ||
| 008 | 260422b |||||||| |||| 00| 0 eng d | ||
| 020 |
_a9789358497694 _c290.00 |
||
| 040 | _aMAIN | ||
| 041 | _aasm | ||
| 082 |
_a305.09 _bBHU. |
||
| 100 |
_aBhuyan, Dilip Kumar. _dBorah, Pradip. |
||
| 245 |
_aভাৰতীয় সমাজ প্ৰতিচ্ছবি আৰু বাস্তৱতা _cBy Dilip Kumar Bhuyan |
||
| 250 | _a1st ed. | ||
| 260 |
_aDibrugarh: _bBanalata; _c2024 |
||
| 300 | _a255p. | ||
| 650 | _aSociology | ||
| 942 |
_2ddc _cBK |
||
| 999 |
_c16399 _d16399 |
||